LEADER 00849nam0 2200265 450 001 000002082 005 20081013094836.0 010 $a0-262-54060-6 100 $a20001109d1988----km-y0itay50------ba 101 0 $aeng 102 $aUS$aGB 105 $aa-------001yy 200 1 $aExchange rates and inflation$fRudiger Dornbusch 210 $aCambridge (Mass.)$aLondon$cThe MIT press$dc1988$hstampa 1994 215 $aX, 475 p.$cgraf.$d23 cm 610 1 $aCambio 610 1 $aInflazione$aBilancia dei pagamenti e cambio 676 $a332.456$v19$9Tassi di cambio e loro determinazione 700 1$aDornbusch,$bRudiger$07952 801 0$aIT$bUNIPARTHENOPE$gRICA$2UNIMARC 912 $a000002082 951 $a332-E/11$b32229$cNAVA1$d20001116 951 $a430/12$b7691$cNAVA2 996 $aExchange Rates and Inflation$9575048 997 $aUNIPARTHENOPE